000 00620cam a22002411 4500
001 sa 67006044
003 DLC
005 20260227112403.0
008 950222s1965 ii b 000 0 tamo
010 _asa 67006044
025 _aPL480:I-T-1677
035 _a(OCoLC)32036175
040 _aDLC
_cCU
_dCU
_dDLC
042 _apremarc
050 0 0 _aPL4758.2
_b.S9
100 0 _aCuntara Caṇmukan̲ār,
_d1922-
245 1 0 _aIn̲pa vāl̲vu.
260 _c[1965]
300 _a161, [1] p.
_c18 cm.
500 _aIn Tamil.
504 _aBibliography: p.[162]
650 0 _aLove poetry, Tamil
_xHistory and criticism.
999 _c75639
_d75639